Estructura Social y nutrición: metodología para su estudio /

Salvato in:
Dettagli Bibliografici
Autore principale: Cross Beras, Julio A
Altri autori: Pérez Mera, Amiro
Natura: testo
Pubblicazione: Santo Domingo :
Tags: Aggiungi Tag
Nessun Tag, puoi essere il primo ad aggiungerne!!

MARC

LEADER 00000 a a2200000 04500
001 15766
003
040
090 |a 014800  
100 |a Cross Beras, Julio A  
245 |a Estructura Social y nutrición: metodología para su estudio /  |c Julio A Cross Beras 
260 |a Santo Domingo :  
300 |a 16 p.  
700 |a Pérez Mera, Amiro  
999 |c 16825  |d 16825